[Event "Cappelle op"]
[Site "Cappelle la Grande "]
[Date "1996.??.??"]
[Round "8"]
[White "Bobrowska, Monika"]
[Black "David, Alberto"]
[Result "0-1"]
[WhiteElo "2305"]
[BlackElo "2455"]

1.d4 Nf6 2.Nf3 g6 3.c4 Bg7 4.Nc3 O-O 5.e4 d6 6.Be2 e5 7.d5 a5 8.Bg5 h6 9.Bh4 Na6
10.Nd2 Qe8 11.O-O Nh7 12.a3 Bd7 13.b3 h5 14.f3 Bh6 15.Rb1 Be3+ 16.Kh1 f5
17.exf5 gxf5 18.f4 exf4 19.Bxh5 Qe5 20.Nb5 Nf6 21.Rc1 Ng4 22.h3 Qh8 23.hxg4 fxg4
24.Bxg4 Qxh4+ 25.Bh3 Bxh3 26.Nf3 Bxg2+ 27.Kxg2 Qg3+ 28.Kh1 Kf7 29.Rc2 Rh8+
30.Rh2 Rxh2+ 31.Nxh2 Rh8  0-1

[Event "WLS-ch"]
[Site "Cardiff"]
[Date "1996.??.??"]
[Round "2"]
[White "Cooper, John Grantley"]
[Black "Gilbert, Jonathan A"]
[Result "1-0"]
[WhiteElo "2390"]
[BlackElo "2155"]

1.c4 Nf6 2.Nc3 g6 3.e4 d6 4.d4 Bg7 5.Nf3 O-O 6.Be2 e5 7.d5 a5 8.Bg5 h6 9.Bh4 Na6
10.O-O Qe8 11.Nd2 Nh7 12.a3 Bd7 13.b3 h5 14.f3 Bh6 15.Kh1 Be3 16.Qc2 f5 17.exf5 Bxf5
18.Bd3 Nc5 19.Bxf5 gxf5 20.Rae1 Bh6 21.b4 axb4 22.axb4 Na4 23.Nd1 c5 24.b5 Nb6
25.f4 e4 26.Nxe4 fxe4 27.Rxe4 Qg6 28.f5 Rxf5 29.Rxf5 Ra2 30.Qxa2 Qxf5 31.Qe2 Nd7
32.Re8+ Nhf8 33.Qe6+ Qf7 34.Nf2 Bg7 35.Ne4 Ne5 36.Nxd6 Qxe6 37.dxe6 Kh7 38.e7 Neg6
39.Rb8  1-0

[Event "Celle Ligure op"]
[Site "Celle Ligure"]
[Date "1996.??.??"]
[Round "2"]
[White "Cazzaniga, Walter"]
[Black "Cugini, Werter"]
[Result "1-0"]
[WhiteElo "2190"]
[BlackElo "2260"]

1.d4 d6 2.Nf3 Nf6 3.c4 g6 4.Nc3 Bg7 5.e4 O-O 6.Be2 Nbd7 7.O-O e5 8.d5 a5
9.Bg5 h6 10.Bh4 g5 11.Bg3 Nh5 12.a3 Nf4 13.Ne1 Nxe2+ 14.Qxe2 Nc5 15.Nc2 Nb3
16.Rad1 Qf6 17.Nb5 Qd8 18.f3 Bd7 19.Bf2 b6 20.g4 a4 21.Na1 Bxb5 22.cxb5 Nc5
23.Nc2 Qd7 24.Nb4 Bf6 25.Bxc5 bxc5 26.Nc6 Kg7 27.Qc4 h5 28.h3 Rh8 29.Kg2 Rh6
30.Rf2 Qc8 31.b3 axb3 32.a4 Rh8 33.a5 Bd8 34.Qxb3 Qb7 35.Ra1 h4 36.Rfa2 Re8
37.a6 Qc8 38.Kf2 Kf8 39.Ke2 Kg7 40.Kd3 Kf8 41.Kc4 Kg7 42.a7 Qb7 43.Ra6 Qc8
44.Rb1 Qb7 45.Qa4 Qc8 46.b6 cxb6 47.Nxd8 Qxd8 48.Rbxb6 Qf6 49.Qb3 Qf4 50.Rxd6 Qc1+
51.Qc3 Qf1+ 52.Qd3 Qc1+ 53.Kb3 Re7 54.Qc3 Qb1+ 55.Kc4 Qf1+ 56.Qd3 Qxh3 57.Qe3 Qf1+
58.Kc3 Kf8 59.Rh6 Ke8 60.Rh8+ Kd7 61.Rxa8 Qxa6 62.Qxc5 Qa1+ 63.Kc4 Qa4+ 64.Qb4 Qa2+
65.Kc5 Qc2+ 66.Qc4 Qf2+ 67.Kb5 Qb2+ 68.Ka4  1-0

[Event "Celle Ligure op"]
[Site "Celle Ligure"]
[Date "1996.??.??"]
[Round "3"]
[White "Mollero, Michele"]
[Black "Hitzgerova, Gabriela"]
[Result "1/2-1/2"]
[WhiteElo "1990"]
[BlackElo "2145"]

1.d4 Nf6 2.c4 g6 3.Nc3 Bg7 4.e4 d6 5.Nf3 O-O 6.Be2 e5 7.dxe5 dxe5 8.Qxd8 Rxd8
9.Bg5 Re8 10.O-O-O c6 11.Ne1 Be6 12.f3 Nbd7 13.Nc2 Nh5 14.g3 Nhf6 15.Rd2 Nb6
16.b3 Rad8 17.Rhd1 Rxd2 18.Rxd2 Nfd7 19.Be3 Bf8 20.Kb2 Kg7 21.Rd1 Be7 22.Bf2 f6
23.Ne1 Nc5 24.Nd3 Nxd3+ 25.Rxd3 Bd8 26.Rd1 Bc7 27.c5 Nd7 28.Bc4 Nf8 29.Bxe6 Rxe6
30.Na4 Re8 31.Kc2 Rd8 32.Rxd8 Bxd8 33.Kd3 Be7 34.Be3 Ne6 35.Kc4 Kf7 36.b4 Ke8
37.Nb2 Kd7 38.Nd3 Nc7 39.a4 Ne6 40.Kb3 Bd8 41.Kc4  1/2-1/2

[Event "Celle Ligure op"]
[Site "Celle Ligure"]
[Date "1996.??.??"]
[Round "3"]
[White "Sbarra, Marco"]
[Black "Marinescu, Marian"]
[Result "1-0"]
[WhiteElo "2280"]
[BlackElo "2140"]

1.d4 Nf6 2.c4 g6 3.Nc3 Bg7 4.e4 d6 5.Nf3 O-O 6.Be2 e5 7.d5 Na6 8.Bg5 Qe8
9.Nd2 h6 10.Be3 Nh7 11.a3 f5 12.f3 Nf6 13.b4 f4 14.Bf2 g5 15.c5 Bd7 16.c6 Bc8
17.cxb7 Bxb7 18.Nc4 Nb8 19.Na5 Bc8 20.Nb5 Na6 21.Nxa7 Rxa7 22.Bxa7 g4 23.Nc6 Bd7
24.Bxa6 Bxc6 25.dxc6 Qxc6 26.Be2 Qc3+ 27.Kf1 d5 28.Qc1 Qb3 29.Bc5 Rf7 30.a4 gxf3
31.gxf3 dxe4 32.Qc4 Qb2 33.Qa2 Qc3 34.Qa3 Qd2 35.Rd1 Qc2 36.Qc1 Qxa4 37.Rd8+ Kh7
38.fxe4 c6 39.Bc4 Rb7 40.Rg1 h5 41.Rg2 Rxb4 42.Bxb4 Qxb4 43.Be6 Qb5+ 44.Ke1 Qb4+
45.Kf1 Qb5+ 46.Qc4 Qb1+ 47.Ke2 Qb2+ 48.Kf3 Qa3+ 49.Qd3  1-0

[Event "Celle Ligure op"]
[Site "Celle Ligure"]
[Date "1996.??.??"]
[Round "5"]
[White "Sbarra, Marco"]
[Black "Di Paolo, Raffaele"]
[Result "0-1"]
[WhiteElo "2280"]
[BlackElo "2275"]

1.d4 Nf6 2.c4 g6 3.Nc3 Bg7 4.e4 d6 5.Nf3 O-O 6.Be2 e5 7.d5 a5 8.Bg5 h6 9.Bh4 Na6
10.Nd2 Qe8 11.O-O Bd7 12.b3 Nh7 13.a3 f5 14.exf5 gxf5 15.Bh5 Qc8 16.Be7 Re8
17.Bxe8 Qxe8 18.Bh4 Qg6 19.Rc1 Kh8 20.f3 Rg8 21.Qe2 Qh5 22.Be1 Bf6 23.Kh1 Qg6
24.Na2 Nc5 25.Rc3 b5 26.b4 Na4 27.Rc2 axb4 28.axb4 Nb6 29.Nc3 f4 30.Ra2 Bf5
31.Nde4 bxc4 32.Rg1 Ng5 33.Bf2 Nxe4 34.fxe4 Bg4 35.Qf1 Qh5 36.Bxb6 cxb6 37.Rf2 Bh4
38.Rf3 Bg3 39.h3 Qh4 40.Nb5 Ra8 41.Nxd6 Ra1 42.Rxg3 Rxf1 43.Rxg4 Rxg1+ 44.Kxg1 Qe1+
45.Kh2 c3 46.Ne8 Qg3+  0-1

[Event "Ceske Budejovice op"]
[Site "Ceske Budejovice"]
[Date "1996.??.??"]
[Round "3"]
[White "Alpert, Aleksandr"]
[Black "Neumann, Peter"]
[Result "1/2-1/2"]
[WhiteElo "2300"]
[BlackElo "2205"]

1.d4 Nf6 2.Nf3 g6 3.c4 Bg7 4.Nc3 O-O 5.e4 d6 6.Be2 e5 7.O-O exd4 8.Nxd4 Nc6
9.Be3 Re8 10.f3 Nh5 11.f4 Nf6 12.Bf3 Bg4 13.Nxc6 Bxf3 14.Qxf3 bxc6 15.Rfe1 Qd7
16.Bd4 c5 17.Bxf6 Bxf6 18.e5 dxe5 19.Nd5 Qd6 20.Rad1 e4 21.Rxe4 Bd4+ 22.Kf1 c6
23.Nc3 Rxe4 24.Qxe4 f5 25.Nb5 fxe4 26.Nxd6 Rb8 27.b3 e3 28.Ke2 a5 29.Rd3 a4
30.Ne4 axb3 31.Rxb3 Ra8 32.a3 h6 33.Nc3 Rf8 34.g3 g5 35.Kf3 gxf4 36.gxf4 Re8
37.Ke2 Kf7 38.Nd1 Re4 39.Nxe3 Rxf4 40.Nd1 Be5 41.Rh3  1/2-1/2

[Event "CZE-chJ"]
[Site "Cesky Brod"]
[Date "1996.??.??"]
[Round "?"]
[White "Tupy, Martin"]
[Black "Jirovsky, Petr"]
[Result "1/2-1/2"]
[WhiteElo "2250"]
[BlackElo "2295"]

1.d4 Nf6 2.c4 g6 3.Nc3 Bg7 4.Nf3 O-O 5.e4 d6 6.Be2 e5 7.O-O exd4 8.Nxd4 Nc6
9.Be3 Re8 10.f3 Nh5 11.g4 Be5 12.gxh5 Bxh2+ 13.Kxh2 Qh4+ 14.Kg1 Qg3+  1/2-1/2

[Event "Cetinje"]
[Site "Cetinje"]
[Date "1996.??.??"]
[Round "?"]
[White "Nikcevic, Nebojsa"]
[Black "Vukovic, Zdravko"]
[Result "1-0"]
[WhiteElo "2485"]
[BlackElo "2475"]

1.c4 Nf6 2.Nc3 g6 3.e4 d6 4.d4 Bg7 5.Nf3 O-O 6.Be2 Nh5 7.O-O e5 8.g3 c5 9.d5 Bf6
10.Ne1 Ng7 11.Ng2 Na6 12.Be3 Nc7 13.Qd2 Bh3 14.Rfe1 g5 15.Qd1 Rb8 16.Bd2 Bxg2
17.Kxg2 a6 18.a4 a5 19.Ra3 Be7 20.Bg4 f5 21.Bxf5 Nxf5 22.exf5 Rxf5 23.Ne4 h6
24.Bxa5 Qd7 25.Bxc7 Qxc7 26.Rf3 Rxf3 27.Qxf3 Qd7 28.b3 Rf8 29.Qe2 g4 30.Rd1 h5
31.Rd3 Qf5 32.f3 Qxf3+ 33.Rxf3 gxf3+ 34.Qxf3 Rxf3 35.Kxf3 Kg7 36.g4 h4 37.g5 Kg6
38.Kg4 h3 39.a5  1-0

[Event "ARG-ch sf"]
[Site "Chaco"]
[Date "1996.??.??"]
[Round "?"]
[White "Slipak, Sergio"]
[Black "Peralta, Fernando"]
[Result "1-0"]
[WhiteElo "2535"]
[BlackElo "2315"]

1.d4 Nf6 2.Nf3 g6 3.c4 Bg7 4.Nc3 d6 5.e4 O-O 6.Be2 e5 7.d5 Na6 8.Nd2 Ne8
9.a3 f5 10.b4 Bh6 11.Nb3 Bxc1 12.Rxc1 Nf6 13.exf5 gxf5 14.O-O Nb8 15.f4 e4
16.c5 Nbd7 17.Nd4 Nb8 18.cxd6 cxd6 19.Ncb5 Na6 20.Kh1 Kh8 21.Ne6 Bxe6 22.dxe6 d5
23.Qd4 Nb8 24.Qe5 Nc6 25.Rxc6  1-0

[Event "Capablanca mem-C"]
[Site "Cienfuegos"]
[Date "1996.??.??"]
[Round "2"]
[White "Blanco Fernandez, Alvaro"]
[Black "Moreno, Alejandro"]
[Result "1/2-1/2"]
[WhiteElo "2415"]
[BlackElo "2420"]

1.d4 Nf6 2.c4 g6 3.Nc3 Bg7 4.e4 d6 5.Be2 O-O 6.Nf3 Nbd7 7.O-O e5 8.Be3 c6
9.d5 c5 10.Ne1 a6 11.a4 Kh8 12.Nd3 Ng8 13.Qd2 f5 14.f4 Qe7 15.exf5 gxf5 16.Rae1 e4
17.Nf2 Ndf6 18.a5 Bd7 19.Bd1 Rfb8 20.b4 b5 21.axb6 cxb4 22.Na4 a5 23.c5 dxc5
24.Nxc5 Rxb6 25.Ncxe4 fxe4 26.Bxb6 Qd6 27.Bd4 Re8 28.Be5 Rxe5 29.fxe5 Qxe5
30.Bf3 Bh6 31.Qe2 e3 32.Nd3 Qd4 33.Rd1 Bb5 34.Rfe1 Nxd5 35.Bxd5 Qxd5 36.Qc2 Qe4
37.Re2 b3 38.Qxb3 Ba4 39.Qb1 Bxd1 40.Qxd1 Nf6 41.Nc5 Qc4 42.Qc2 Qd4 43.Nb3 Qb4
44.Qb2 Bg7 45.Rxe3 Ng8 46.Qc1 a4 47.Nc5 Bd4 48.Ne6 Bxe3+ 49.Qxe3 Qb1+ 50.Kf2 Qb2+
51.Kg3 a3 52.Qd4+ Qxd4 53.Nxd4 a2 54.Nc2 Nf6 55.Kf3 Kg7 56.Ke2 Kg6 57.Kd3 Kg5
58.Kc3 Ng4 59.Kb2 Nxh2 60.Kxa2 Kf4 61.Kb2 Kg3 62.Ne3 Ng4 63.Nf5+ Kxg2 64.Ng7 Kf3
65.Kc2 Ke4 66.Kd2 h6 67.Ke2 Kf4 68.Nh5+ Kg5 69.Ng3 Ne5 70.Kf2 Kg4 71.Kg2 Nd3
72.Ne4 Nf4+ 73.Kh2 Nh5 74.Nf2+ Kf3 75.Nd3 Ng7 76.Kh3 Nf5 77.Ne5+ Kf4 78.Ng4 h5
79.Nf6 h4 80.Nh7  1/2-1/2

[Event "Capablanca mem-B"]
[Site "Cienfuegos"]
[Date "1996.??.??"]
[Round "7"]
[White "Leyva, Hector"]
[Black "Pecorelli Garcia, Humberto"]
[Result "0-1"]
[WhiteElo "2385"]
[BlackElo "2430"]

1.d4 Nf6 2.c4 g6 3.Nc3 Bg7 4.e4 d6 5.Nf3 O-O 6.Be2 e5 7.d5 a5 8.Bg5 h6 9.Bh4 Na6
10.Nd2 Bd7 11.O-O Qb8 12.Kh1 Nh7 13.f3 h5 14.a3 Bh6 15.b3 Qa7 16.Qc2 Qe3
17.Rad1 Qc5 18.Ndb1 Be3 19.Bd3 Kg7 20.Rde1 g5 21.Nd1 Bd4 22.Bf2 Bxf2 23.Nxf2 b5
24.Qe2 Rfb8 25.f4 gxf4 26.Qxh5 Rh8 27.cxb5 Bxb5 28.Bxb5 Qxb5 29.Ng4 Nf8 30.Qg5+ Ng6
31.Rf3 Qd7 32.g3 Qd8 33.Qxd8 Raxd8 34.Rg1 Nc5 35.Nd2 Rb8 36.Nf2 Rb5 37.gxf4 exf4
38.Nh3 Rhb8 39.Nxf4 Nxb3 40.Nxg6 fxg6 41.Nc4 Rc5 42.Ne3 Nd2 43.Rfg3 Rb1 44.Rxg6+ Kf7
45.Re6 Rxg1+ 46.Kxg1 Nf3+ 47.Kg2 Ng5 48.Rh6 Nxe4 49.Rh4 Nc3 50.Rc4 Rxc4 51.Nxc4 a4
52.Ne3 Kf6 53.h4 Ke5 54.h5 Kf6 55.Kf2 Kg5 56.Ke1 Kxh5 57.Kd2 Nb1+ 58.Kc2 Nxa3+
59.Kc3 Kg5 60.Kb4 Kf4 61.Ng2+ Kg3 62.Ne3 Kf3 63.Nf5 Nc2+ 64.Kxa4 Ke4 65.Ne7 Ne3
66.Kb5 Nf5  0-1

[Event "Club Tres Peons"]
[Site "?"]
[Date "1996.??.??"]
[Round "5"]
[White "Fernandez Aguado, Juan Luis"]
[Black "Vidarte Morales, Arturo"]
[Result "1/2-1/2"]
[WhiteElo "2360"]
[BlackElo "2410"]

1.c4 g6 2.Nf3 Bg7 3.d4 d6 4.e4 Nf6 5.Nc3 O-O 6.Be2 e5 7.O-O exd4 8.Nxd4 Re8
9.f3 Nc6 10.Be3 Ne5 11.f4 Nc6 12.Bf3 Ng4 13.Bxg4 Bxg4 14.Qd2 Be6 15.b3 Nxd4
16.Bxd4 f5 17.Rae1 Qd7 18.exf5 Bxf5 19.Nd5 c6 20.Nf6+ Bxf6 21.Bxf6 Rxe1 22.Rxe1 Re8
23.Kf2 Rxe1 24.Qxe1 Qe6 25.Qxe6+ Bxe6 26.Be7 d5 27.c5 Kf7 28.Bd6 Bf5 29.Bb8 Bb1
30.a3 a5 31.Bc7 Bc2 32.Bxa5 Bxb3 33.Bc3 Ke6 34.g4 Bd1 35.Kg3 h5 36.h3 hxg4
37.hxg4 Bc2 38.Kh4 Bd1 39.Kg5  1/2-1/2

[Event "Corsico op2"]
[Site "Corsico"]
[Date "1996.??.??"]
[Round "4"]
[White "Tencati, Giuseppe"]
[Black "Cappello, Guido"]
[Result "0-1"]
[WhiteElo "2080"]
[BlackElo "2195"]

1.Nf3 Nf6 2.d4 g6 3.c4 Bg7 4.Nc3 O-O 5.e4 d6 6.Be2 e5 7.d5 Nbd7 8.Bg5 h6
9.Bh4 a6 10.Nd2 Qe8 11.O-O Kh7 12.b4 Ng8 13.Rc1 Bf6 14.Bg3 Qe7 15.Nf3 Bg5
16.Nxg5+ hxg5 17.f3 f5 18.Bf2 Kg7 19.c5 Ngf6 20.cxd6 cxd6 21.Qc2 Ne8 22.Na4 b5
23.Nb6 Nxb6 24.Bxb6 Bd7 25.Qd2 Rh8 26.h3 f4 27.Kf2 g4 28.Ke1 gxh3 29.gxh3 Rxh3
30.Kd1 Rh2 31.Kc2 Rc8+ 32.Kb3 Rxc1 33.Rxc1 Qh4 34.Rf1 Rg2 35.Qd1 Qh2 36.Re1 g5
37.Bg1 Qg3 38.Bb6 g4 39.Rg1 Qh3 40.Rh1 Qg3 41.Bf1 gxf3 42.Qd3 Bh3 43.Bxg2 Bxg2
44.Rg1 Nf6 45.Kb2 Qg6 46.Re1 Nxe4 47.Qxe4 Qxe4 48.Rxe4 f2 49.Rxf4 exf4 50.Bxf2 Bxd5
51.a3 Kf6 52.Kc3 Ke5 53.Kd2 Ke4 54.Bb6 Bc4 55.Ba7 d5 56.Bg1 d4 57.Bf2 d3
58.Bb6 Kf3 59.Bc7 Kg4 60.Ke1  0-1

[Event "CZE-chT 9596"]
[Site "?"]
[Date "1996.??.??"]
[Round "5"]
[White "Netusil, Miroslav"]
[Black "Michalek, Jan"]
[Result "0-1"]
[WhiteElo "2305"]
[BlackElo "2285"]

1.d4 Nf6 2.c4 g6 3.Nc3 Bg7 4.e4 d6 5.Be2 O-O 6.Nf3 e5 7.dxe5 dxe5 8.Qxd8 Rxd8
9.Bg5 c6 10.h3 Na6 11.O-O Nc5 12.b4 Ne6 13.Rfd1 Rxd1+ 14.Rxd1 Nxg5 15.Nxg5 Bd7
16.f4 Be8 17.fxe5 Nd7 18.e6 fxe6 19.Na4 Be5 20.Nxe6 Nf6 21.Nac5 b6 22.Nd3 Bg3
23.Rf1 Nd7 24.Rf3 Bd6 25.e5 Be7 26.Rf1 Rc8 27.Nef4 Nf8 28.b5 g5 29.Nh5 cxb5
30.cxb5 Bxb5 31.Nf6+ Kg7 32.Nf4 Bxe2 33.Nxe2 Bxf6 34.exf6+ Kf7 35.Ng3 Rc2
36.Ne4 h6 37.Rf2 Rxf2 38.Kxf2 Nd7 39.Kf3 Ke6 40.h4 gxh4  0-1

[Event "CZE-chT 9596"]
[Site "?"]
[Date "1996.??.??"]
[Round "5"]
[White "Gross, Stefan"]
[Black "Rasik, Vitezslav"]
[Result "0-1"]
[WhiteElo "2290"]
[BlackElo "2430"]

1.Nf3 d6 2.d4 Nf6 3.c4 g6 4.Nc3 Bg7 5.e4 O-O 6.Be2 e5 7.Be3 c6 8.O-O exd4
9.Nxd4 Re8 10.f3 d5 11.cxd5 Nxd5 12.Nxd5 cxd5 13.Qb3 Nc6 14.Rfd1 Nxd4 15.Bxd4 Bxd4+
16.Rxd4 Qf6 17.Qxd5 Be6 18.e5 Qg5 19.Qe4 Bf5 20.Qf4 Qxf4 21.Rxf4 Rxe5 22.Bf1 Rd8
23.Rb4 b6 24.a4 Kg7 25.Rb5 Kf6 26.Rxe5 Kxe5 27.a5 Rd4 28.axb6 axb6 29.Re1+ Kd6
30.Kf2 g5 31.Be2 Bc2 32.Rc1 Ba4 33.Ke3 Rb4 34.Rc4 Rb3+ 35.Bd3 Bb5 36.Rd4+ Kc5
37.g4 Bxd3 38.Rxd3 Rxd3+ 39.Kxd3 Kb4 40.Kc2 Kc4 41.Kd2 Kb3 42.Kc1 b5 43.Kb1 h6
44.Kc1 Ka2  0-1

[Event "CZE-chT 9596"]
[Site "?"]
[Date "1996.??.??"]
[Round "6"]
[White "Obsivac, Josef"]
[Black "Tobyas, Miroslav"]
[Result "1-0"]
[WhiteElo "2365"]
[BlackElo "2315"]

1.d4 Nf6 2.c4 g6 3.Nc3 Bg7 4.e4 d6 5.Be2 O-O 6.Be3 e5 7.Nf3 Nbd7 8.d5 Nc5
9.Nd2 a5 10.O-O Qe7 11.a3 Bd7 12.b4 axb4 13.axb4 Rxa1 14.Qxa1 Na6 15.Qa3 Ng4
16.Bxg4 Bxg4 17.c5 dxc5 18.bxc5 Rd8 19.f3 Bc8 20.Rc1 Bf8 21.Nb5 c6 22.d6 Qe6
23.Nc3 b6 24.cxb6 Bxd6 25.Qb2 Nc5 26.Ra1 Bb7 27.Ra7 Rb8 28.Na4 Nd3 29.Qb3 Qxb3
30.Nxb3 Bc8 31.Na5 Nb4  1-0

[Event "CZE-chT 9596"]
[Site "?"]
[Date "1996.??.??"]
[Round "7"]
[White "Frolik, Martin"]
[Black "Rasik, Vitezslav"]
[Result "0-1"]
[WhiteElo "2270"]
[BlackElo "2430"]

1.d4 Nf6 2.c4 g6 3.Nc3 Bg7 4.e4 d6 5.Nf3 O-O 6.Be2 e5 7.O-O exd4 8.Nxd4 Re8
9.f3 c6 10.Kh1 Nbd7 11.Nc2 Nb6 12.Bg5 h6 13.Bh4 Be6 14.Ne3 g5 15.Bf2 d5 16.cxd5 cxd5
17.exd5 Nfxd5 18.Ncxd5 Nxd5 19.Bb5 Re7 20.Nxd5 Qxd5 21.Qxd5 Bxd5 22.Rfd1 Be6
23.Rd2 Rc7 24.h4 gxh4 25.Bxh4 Rc5 26.Be2 Rh5 27.g3 Rd5 28.Rad1 Rxd2 29.Rxd2 Bxa2
30.Bd3 Bd5 31.Kg2 Bc6 32.g4 Re8 33.Bf2 a5 34.Bb6 a4 35.Bf5 Bf6 36.Kg3 Re5
37.Rd6 Rxf5 38.Rxc6 bxc6 39.gxf5 Bxb2  0-1

[Event "CZE-chT 9596"]
[Site "?"]
[Date "1996.??.??"]
[Round "8"]
[White "Priehoda, Vitezslav"]
[Black "Gross, Stefan"]
[Result "1-0"]
[WhiteElo "2380"]
[BlackElo "2290"]

1.d4 Nf6 2.c4 g6 3.Nf3 Bg7 4.Nc3 O-O 5.e4 d6 6.Be2 e5 7.d5 h6 8.O-O Nh7 9.Ne1 f5
10.exf5 gxf5 11.f4 Nd7 12.Nf3 Nc5 13.fxe5 dxe5 14.Be3 Qe7 15.Nh4 Qxh4 16.Bxc5 Rd8
17.Nb5 b6 18.Ba3 c5 19.b4 a6 20.d6 Bb7 21.Nc7 e4 22.Rxf5 Bd4+ 23.Kh1 Rxd6
24.Nxa8 Bxa8 25.bxc5 bxc5 26.Qe1 Qd8 27.Bxc5 Bxc5 28.Rxc5 Ng5 29.Bg4 Bb7
30.Rb1 Bc6 31.Qg3 Qe7 32.h4 Rd3 33.Qb8+ Rd8 34.Qe5 Qxe5 35.Rxe5 Nf7 36.Be6 Kg7
37.Bxf7 Kxf7 38.Rf1+ Kg7 39.Re7+ Kg8 40.Re6 Ba8 41.c5 Rc8  1-0

[Event "CZE-chT 9596"]
[Site "?"]
[Date "1996.??.??"]
[Round "8"]
[White "Babula, Vlastimil"]
[Black "Mrva, Martin"]
[Result "1-0"]
[WhiteElo "2540"]
[BlackElo "2385"]

1.d4 Nf6 2.c4 g6 3.Nc3 Bg7 4.e4 d6 5.Nf3 O-O 6.Be2 e5 7.d5 Na6 8.Nd2 c5 9.h4 h5
10.Nf3 Nc7 11.Bg5 Qe8 12.Nd2 Bd7 13.Bxf6 Bxf6 14.g4 Qe7 15.gxh5 Bxh4 16.Nf3 Bf6
17.Qd2 Bg4 18.hxg6 fxg6 19.Rg1 Bxf3 20.Bxf3 Kh7 21.Bg4 Bh4 22.Rg2 Rf4 23.Kd1 b5
24.f3 bxc4 25.Kc2 Rb8 26.Rh1 Kg7 27.Bh5 Na6 28.Rxg6+ Kh7 29.a3 Rg8 30.Rg4 Rgxg4
31.Bxg4 Kg7 32.Qh2 Bf6 33.Qh8+ Kf7 34.Bh5+  1-0

[Event "CZE-chT 9596"]
[Site "?"]
[Date "1996.??.??"]
[Round "9"]
[White "Obsivac, Josef"]
[Black "Firt, Stanislav"]
[Result "1/2-1/2"]
[WhiteElo "2365"]
[BlackElo "2375"]

1.d4 Nf6 2.Nf3 g6 3.c4 Bg7 4.Nc3 O-O 5.e4 d6 6.Be2 e5 7.Be3 h6 8.h3 exd4
9.Nxd4 Re8 10.f3 Nh5 11.g4 Ng3 12.Rg1 Nxe2 13.Qxe2 c6 14.O-O-O Nd7 15.Nf5 gxf5
16.gxf5 Kh7 17.Rxd6 Qh4 18.Qf1 Nf6 19.Ne2 Bxf5 20.Bf2 Qxh3 21.Rxg7+ Kxg7
22.Qg1+ Bg6 23.Bd4 Kh7 24.Rxf6 Qd7 25.Nf4 Rg8 26.Bc3 Rad8 27.c5 b6 28.Qh1 bxc5
29.Nh3 Bh5 30.Nf2 Rg6 31.Rf5 Qe6 32.Rxh5 Qxa2 33.Ng4 Qa1+ 34.Kc2 Qxh1 35.Rxh1 Rdd6
36.Rh5 Rg5 37.Rh3 f5 38.Ne3 fxe4 39.fxe4 Re6 40.Kd3 Kg6 41.Nf5 h5 42.Nh4+ Kf7
43.Nf3 c4+ 44.Ke3 Rc5 45.Kf4 Rh6 46.Nh4 Rh7 47.Nf5 a5 48.Bd4 Rb5 49.Nd6+ Ke6
50.Nxb5 cxb5 51.Bb6 a4 52.Ba5 h4 53.Bc3 Kd6 54.Bb4+ Ke6 55.Ke3 Kf6 56.Be1 Kg5
57.Rh1 h3 58.Bg3 Rd7 59.Bf4+ Kf6 60.Ke2 Rd3 61.Be3 Ke5 62.Rxh3 Kxe4 63.Rh4+ Kd5
64.Rh5+ Ke4 65.Rh4+  1/2-1/2

[Event "CZE-chT 9596"]
[Site "?"]
[Date "1996.??.??"]
[Round "9"]
[White "Netusil, Miroslav"]
[Black "Dolezal, Martin"]
[Result "1-0"]
[WhiteElo "2305"]
[BlackElo "2295"]

1.d4 Nf6 2.c4 d6 3.Nf3 Nbd7 4.Nc3 e5 5.e4 g6 6.Be2 Bg7 7.O-O O-O 8.Re1 a5
9.Bf1 h6 10.Rb1 Kh7 11.h3 exd4 12.Nxd4 Nc5 13.g3 Re8 14.Bg2 Nfd7 15.f4 Nf6
16.Kh2 c6 17.b3 Qb6 18.Bb2 a4 19.Qc2 axb3 20.axb3 Na6 21.Rbd1 Nb4 22.Qd2 Na6
23.Na4  1-0

[Event "CZE-chT 9596"]
[Site "?"]
[Date "1996.??.??"]
[Round "10"]
[White "Stocek, Jiri"]
[Black "Babula, Vlastimil"]
[Result "1/2-1/2"]
[WhiteElo "2465"]
[BlackElo "2540"]

1.Nf3 Nf6 2.c4 g6 3.Nc3 Bg7 4.e4 d6 5.d4 O-O 6.Be2 e5 7.O-O exd4 8.Nxd4 Re8
9.f3 Nc6 10.Be3 Nh5 11.f4 Nf6 12.Nxc6 bxc6 13.Bf3 Nxe4 14.Nxe4 Bf5 15.Nxd6 cxd6
16.Bd4 Be4 17.Bxg7 Kxg7 18.Qd4+ Qf6 19.Qxf6+ Kxf6 20.Rad1 Rad8 21.Kf2 d5
22.cxd5 cxd5 23.Rd4 Kf5 24.g3 Rb8 25.Rd2 d4 26.Bxe4+ Rxe4 27.Rc1 Kg4 28.Kg2 Rbe8
29.h3+ Kf5 30.Kf2 R8e7 31.Rc6 h5 32.Rd6 h4 33.Rd5+ Kf6 34.R5xd4 Re3 35.Rd6+ Kg7
36.R6d3 hxg3+ 37.Kg2 Kf6 38.Rxe3 Rxe3 39.Rd7 a6 40.Ra7 Re2+ 41.Kxg3 Rxb2
42.Rxa6+ Kf5 43.Ra5+ Ke6 44.Re5+ Kd6 45.a4 Rb3+ 46.Kg4 Rb4 47.Ra5 Ke7 48.Ra6 Kf8
49.a5 Ra4 50.Ra7 Kg7 51.a6 Ra3 52.h4 Kh6 53.f5 Ra4+ 54.Kg3 g5 55.h5 Kxh5
56.Rxf7  1/2-1/2

[Event "CZE-chT 9596"]
[Site "?"]
[Date "1996.??.??"]
[Round "11"]
[White "Pekarek, Ales"]
[Black "Manik, Mikulas"]
[Result "1/2-1/2"]
[WhiteElo "2445"]
[BlackElo "2345"]

1.Nf3 Nf6 2.c4 g6 3.Nc3 Bg7 4.e4 d6 5.d4 O-O 6.Be2 e5 7.O-O exd4 8.Nxd4 Re8
9.f3 Nc6 10.Nc2 Be6 11.Nd5 Nd7 12.Kh1 f5 13.exf5 Bxf5 14.Nce3 Be6 15.a4 Nd4
16.Bd3 Nc5 17.Ra3 a5 18.Bb1 Qd7 19.Bd2 Rf8 20.Bc3 Nc6 21.f4 Bxc3 22.Rxc3 Bxd5
23.cxd5 Nb4 24.f5 Nxa4 25.Rc1 Nc5 26.Ng4 gxf5 27.Nh6+ Kh8 28.Nxf5 Rf6 29.Qd4 Rf8
30.Rf3 Nbd3 31.Rxd3 Qxf5 32.Rh3 Qf4 33.Qxf4  1/2-1/2

[Event "CZE-chT 9596"]
[Site "?"]
[Date "1996.??.??"]
[Round "11"]
[White "Ftacnik, Lubomir"]
[Black "Mrva, Martin"]
[Result "1-0"]
[WhiteElo "2585"]
[BlackElo "2385"]

1.d4 Nf6 2.Nf3 g6 3.c4 Bg7 4.Nc3 O-O 5.e4 d6 6.Be2 e5 7.O-O Qe8 8.d5 a5 9.Ne1 Na6
10.Nd3 c6 11.f3 b5 12.cxb5 cxb5 13.a4 b4 14.Nb5 Qe7 15.Be3 Bd7 16.b3 Nh5
17.Nb2 Nf4 18.Nc4 Nc5 19.Re1 Bh6 20.Bf1 Bxb5 21.axb5 f5 22.exf5 gxf5 23.g3 Qg7
24.Nxd6 Nd7 25.Qc2 Qg6 26.Qc6 Nf6 27.Kh1 N6h5 28.gxf4 exf4 29.Bd3 fxe3 30.Rg1 Bg7
31.Rxg6 hxg6 32.Rg1 Nf4 33.Bxf5 e2 34.Qc4 Be5 35.Bxg6 Rf6 36.Bc2+ Kf8 37.Nf5 Nh3
38.Qc5+ Bd6 39.Nxd6 Nxg1 40.Nf5+ Kg8 41.Qxg1+  1-0

[Event "CZE-chT2c 9596"]
[Site "CZE"]
[Date "1996.??.??"]
[Round "5"]
[White "Mudrak, Josef"]
[Black "Felix, Vaclav"]
[Result "1-0"]
[WhiteElo "2315"]
[BlackElo "2250"]

1.c4 Nf6 2.Nc3 g6 3.e4 d6 4.d4 Bg7 5.Nf3 O-O 6.Be2 e5 7.O-O c6 8.Re1 Qe7
9.Bf1 Bg4 10.d5 c5 11.h3 Bd7 12.Bg5 h6 13.Bd2 Na6 14.g3 Ne8 15.a3 f5 16.Nh4 Qf7
17.exf5 gxf5 18.Bd3 Nac7 19.Rf1 b5 20.cxb5 Nxd5 21.Bc4 Be6 22.Bxd5 Bxd5 23.Bxh6 Bb7
24.Bxg7 Qxg7 25.Qh5 f4 26.Nf5 Qh7 27.Qxh7+ Kxh7 28.g4 Rxf5 29.gxf5 Bf3 30.Kh2 d5
31.Rae1 d4 32.Ne4 c4 33.Ng5+  1-0

[Event "CZE-chT2c 9596"]
[Site "CZE"]
[Date "1996.??.??"]
[Round "7"]
[White "Babula, Vlastimil"]
[Black "Rasik, Vitezslav"]
[Result "1-0"]
[WhiteElo "2530"]
[BlackElo "2410"]

1.d4 g6 2.c4 Bg7 3.Nf3 Nf6 4.Nc3 d6 5.e4 O-O 6.Be2 e5 7.d5 a5 8.Bg5 h6 9.Bh4 Na6
10.Nd2 Qe8 11.O-O Nh7 12.a3 Bd7 13.Kh1 Bf6 14.Bxf6 Nxf6 15.b3 Qb8 16.Rb1 Qa7
17.b4 axb4 18.axb4 Qd4 19.Qc1 Kg7 20.Nf3 Qa7 21.c5 Bg4 22.Ra1 Qb8 23.c6 Bxf3
24.gxf3 Nxb4 25.Rxa8 Qxa8 26.Qb2 Qa5 27.Rb1 Na6 28.Ra1 Qc5 29.cxb7 Nb8 30.Bf1 Nfd7
31.Na4 Qd4 32.Qxd4 exd4 33.Rc1 f5 34.Rxc7 fxe4 35.fxe4 Rxf2 36.Bb5 Rf7 37.Rc8 Kf6
38.Bxd7 Nxd7 39.Rd8  1-0

[Event "CZE-chT2c 9596"]
[Site "CZE"]
[Date "1996.??.??"]
[Round "9"]
[White "Polak, Tomas"]
[Black "Mudrak, Josef"]
[Result "1-0"]
[WhiteElo "2420"]
[BlackElo "2315"]

1.d4 Nf6 2.c4 g6 3.Nc3 Bg7 4.e4 d6 5.Nf3 O-O 6.Be2 e5 7.d5 Nbd7 8.Bg5 a5
9.Nd2 Nc5 10.O-O Bd7 11.b3 h6 12.Be3 Ne8 13.a3 f5 14.f3 Nf6 15.b4 Na6 16.c5 Nh5
17.c6 bxc6 18.dxc6 Be6 19.Bc4 Bxc4 20.Nxc4 fxe4 21.b5 exf3 22.bxa6 fxg2 23.Rxf8+ Qxf8
24.a7 Kh7 25.Rb1 e4 26.Nd5 Qd8 27.Rb7 Qh4 28.Rb8 Rxa7 29.Bxa7 e3 30.Ncxe3 Be5
31.Ng4 Nf4 32.Nxf4 Bxf4 33.Bd4  1-0

[Event "CZE-chT2c 9596"]
[Site "CZE"]
[Date "1996.??.??"]
[Round "11"]
[White "Babula, Vlastimil"]
[Black "Talla, Vladimir"]
[Result "1-0"]
[WhiteElo "2530"]
[BlackElo "2240"]

1.d4 Nf6 2.c4 g6 3.Nc3 Bg7 4.e4 d6 5.Nf3 O-O 6.Be2 e5 7.d5 c5 8.Bg5 h6 9.Bh4 g5
10.Bg3 Nh5 11.h4 g4 12.Nd2 Nxg3 13.fxg3 h5 14.O-O Bh6 15.Bd3 Nd7 16.Qe2 Nf6
17.Rf2 Ne8 18.Nf1 f6 19.Ne3 Ng7 20.a3 Bd7 21.Rb1 a5 22.Bc2 a4 23.Rbf1 Qe7
24.Ned1 Rf7 25.Nb5 Raf8 26.Ne3 Ra8 27.Nf5 Nxf5 28.Rxf5 Bxf5 29.Rxf5 Rg7 30.Rxh5 Rg6
31.Nc3 Qd7 32.Kf2 Bc1 33.Bd1 Bh6 34.Qc2 Ra7 35.Ke2 Kg7 36.Kd3 Kg8 37.Qf2 Bf8
38.Qf1 Ra6 39.Kc2 Ra8 40.Kb1 Ra7 41.Bc2 Ra8 42.Qd1 Bh6 43.Bxa4 Qe7 44.Qd3 Qf7
45.Bd1 Qd7 46.Be2 Rc8 47.Bd1 Ra8 48.Qe2 Ra6 49.Qf2 Bf8 50.Be2  1-0

[Event "Decin op"]
[Site "Decin"]
[Date "1996.??.??"]
[Round "6"]
[White "Tolstikh, Nikolay"]
[Black "Nalbandian, Tigran"]
[Result "1/2-1/2"]
[WhiteElo "2420"]
[BlackElo "2490"]

1.Nf3 Nf6 2.c4 g6 3.Nc3 Bg7 4.e4 d6 5.d4 O-O 6.Be2 e5 7.dxe5 dxe5 8.Qxd8 Rxd8
9.Bg5 Re8 10.Nd5 Nxd5 11.cxd5 c6 12.Bc4 b5 13.Bb3 Bb7 14.Rc1 Rc8 15.Be3 h6
16.O-O Nd7 17.dxc6 Bxc6 18.Rxc6 Rxc6 19.Bd5 Rac8 20.Bxc6 Rxc6 21.Rd1 Nb6
22.Bxb6 axb6 23.Ne1 f5 24.Kf1 fxe4 25.Rd5 Kf7 26.Rxb5 Ke6 27.Ke2 h5 28.f3 Kf5
29.g3 g5 30.Ke3 exf3 31.Nxf3 Rd6 32.Nd2 Rc6 33.Nf3 Rd6 34.Nd2 Rc6 35.Nf3  1/2-1/2